Top 50 Baby Boy Names Beginning with B - Statistics

General Stats
  • This quiz has been taken 821 times
  • The average score is 18 of 50
Answer Stats
Hint Answer % Correct
44 Ben
95%
4 Beau
94%
29 Bo
94%
1 Benjamin
90%
9 Brandon
79%
18 Brian
77%
17 Bryan
77%
19 Bradley
68%
49 Braden
58%
5 Brayden
58%
39 Brendan
58%
13 Blake
56%
25 Bruce
52%
15 Bryce
51%
10 Brody
48%
21 Brady
43%
30 Benson
41%
3 Bennett
39%
7 Braxton
39%
8 Bentley
38%
33 Brycen
35%
37 Brock
34%
6 Bryson
34%
34 Bodie
30%
47 Byron
30%
12 Beckett
27%
20 Bodhi
27%
2 Brooks
26%
16 Beckham
23%
11 Barrett
22%
43 Brennan
21%
27 Baker
19%
14 Brantley
18%
36 Bryant
18%
32 Boston
17%
22 Bowen
15%
38 Bruno
15%
26 Braylen
14%
28 Braylon
14%
24 Baylor
13%
50 Bode
13%
35 Brixton
10%
40 Bellamy
8%
41 Banks
7%
23 Briggs
7%
31 Boone
6%
42 Briar
6%
46 Bjorn
4%
48 Brecken
4%
45 Benicio
2%
No matching quizzes found
Score Distribution
Percent of People with Each Score
Percentile by Number Answered
Your Score History
You have not taken this quiz